| 000 | 00818nam a2200241 a 4500 | ||
|---|---|---|---|
| 999 |
_c7314 _d7314 |
||
| 001 | 7314 | ||
| 003 | BD-JhCC | ||
| 005 | 20180207191938.0 | ||
| 008 | 180207s1998 bg |||| |||| 001 0 ben d | ||
| 020 | _a9844014492 | ||
| 035 | _a(BD-JhCC)7314 | ||
| 040 |
_aBD-JhCC _dBD-JhCC |
||
| 041 | _aben | ||
| 082 |
_a923 _bHOS 1998 |
||
| 100 | _aহোসেন, আবু মোহাম্মদ দেলোয়ার | ||
| 245 |
_aবাংলদেশে বঙ্গবন্ধু চর্চা / _b আবু মোহাম্মদ দেলোয়ার হোসেন |
||
| 260 |
_aঢাকা : _bআগামী প্রকাশনী, _c1998. |
||
| 300 |
_a68 p. : _c18 cm. |
||
| 504 | _aIncludes Index and bibliography | ||
| 650 |
_aBiograpphy _xpoliticions |
||
| 942 |
_2lcc _cBK |
||